Economics / (Record no. 23387)

MARC details
000 -LEADER
fixed length control field 00772nam a22002535a 4500
005 - DATE AND TIME OF LATEST TRANSACTION
control field 20201128024025.0
008 - FIXED-LENGTH DATA ELEMENTS--GENERAL INFORMATION
fixed length control field 161129t2009 maua frbd 001 0 eng d
020 ## - INTERNATIONAL STANDARD BOOK NUMBER
International Standard Book Number 9780071280853
020 ## - INTERNATIONAL STANDARD BOOK NUMBER
International Standard Book Number 0071280855
040 ## - CATALOGING SOURCE
Original cataloging agency EG-ScBUE
Language of cataloging eng
Transcribing agency EG-ScBUE
Modifying agency EG-ScBUE
082 04 - DEWEY DECIMAL CLASSIFICATION NUMBER
Edition number 22
Classification number 330.973
Item number SLA
100 1# - MAIN ENTRY--PERSONAL NAME
9 (RLIN) 20594
Personal name Slavin, Stephen L.
245 10 - TITLE STATEMENT
Title Economics /
Statement of responsibility, etc Stephen L. Slavin.
250 ## - EDITION STATEMENT
Edition statement 9th ed., McGraw-Hill international ed.
260 ## - PUBLICATION, DISTRIBUTION, ETC. (IMPRINT)
Place of publication, distribution, etc Boston :
Name of publisher, distributor, etc McGraw-Hill / Irwin,
Date of publication, distribution, etc c.2009.
300 ## - PHYSICAL DESCRIPTION
Extent xxiii, 853 p. :
Other physical details ill. ;
Dimensions 28 cm.
500 ## - GENERAL NOTE
General note Glossary : p. 811-819.
500 ## - GENERAL NOTE
General note Index : p. 822-853.
504 ## - BIBLIOGRAPHY, ETC. NOTE
Bibliography, etc Includes bibliographical references.
650 #7 - SUBJECT ADDED ENTRY--TOPICAL TERM
Source of heading or term BUEsh
9 (RLIN) 720
Topical term or geographic name as entry element Economics.
651 ## - SUBJECT ADDED ENTRY--GEOGRAPHIC NAME
Source of heading or term BUEsh
653 ## - INDEX TERM--UNCONTROLLED
Resource For college BAEPS, Economics
Arrived date list November2016
942 ## - ADDED ENTRY ELEMENTS (KOHA)
Source of classification or shelving scheme Dewey Decimal Classification
Holdings
Withdrawn status Item status Source of classification or shelving scheme Damaged status Not for loan Vendor Home library Current library Shelving location Date acquired Source of acquisition Cost, normal purchase price Total Checkouts Full call number Barcode Date last seen Koha item type Total Renewals Date last borrowed
    Dewey Decimal Classification     Baccah Central Library Central Library First floor 29/11/2016 Purchase 450.00   330.973 SLA 000040138 15/07/2025 NB - Book (Non borrowing)    
    Dewey Decimal Classification     Baccah Central Library Central Library First floor 29/11/2016 Purchase   1 330.973 SLA 000040139 15/07/2025 Book - Borrowing 12 28/10/2017
    Dewey Decimal Classification     Baccah Central Library Central Library First floor 30/11/2016 Purchase   3 330.973 SLA 000040149 15/07/2025 Book - Borrowing 8 12/03/2025
    Dewey Decimal Classification     Baccah Central Library Central Library First floor 30/11/2016 Purchase   2 330.973 SLA 000040150 15/07/2025 Book - Borrowing 24 07/10/2019
    Dewey Decimal Classification     Baccah Central Library Central Library First floor 30/11/2016 Purchase   3 330.973 SLA 000040151 15/07/2025 Book - Borrowing 1 10/04/2022
    Dewey Decimal Classification     Baccah Central Library Central Library First floor 30/11/2016 Purchase     330.973 SLA 000040152 15/07/2025 Book - Borrowing    
    Dewey Decimal Classification     Baccah Central Library Central Library First floor 30/11/2016 Purchase   1 330.973 SLA 000040153 15/07/2025 Book - Borrowing 4 17/10/2017
    Dewey Decimal Classification     Baccah Central Library Central Library First floor 30/11/2016 Purchase   1 330.973 SLA 000040154 15/07/2025 Book - Borrowing 3 20/02/2023